Regioni vincitrici Serie A - Morte improvvisa - Statistics

Statistiche generali
  • Questo quiz è stato fatto 155 volte
    132 dall'ultimo reset
  • Il punteggio medio è 8 su 9
Answers on the Grid
Answers color-coded by a green-red scale on the quiz's grid according to % correct below.
Piemonte
Lombardia
Liguria
Emilia-Romagna
Lazio
Campania
Toscana
Sardegna
Veneto
Valle d'Aosta
Trentino-Alto Adige
Friuli-Venezia Giulia
Umbria
Marche
Abruzzo
Molise
Puglia
Calabria
Sicilia
Basilicata
 
Statistiche sulle risposte
Risposta % Corretto
Lazio
97%
Lombardia
97%
Piemonte
96%
Campania
95%
Emilia-Romagna
92%
Liguria
89%
Toscana
89%
Sardegna
82%
Veneto
71%
Nessun quiz corrispondente trovato
Distribuzione punteggi
Percentuale di utenti per punteggio
Percentile per numero di risposta
I tuoi punteggi nel tempo
Non hai fatto questo quiz dall'ultimo reset